00849cam a2200265 a 4500001000700000003000400007005001700011008004100028020001800069035001100087040001800098050001900116100002200135245004800157250001800205260006300223300003900286336002600325337002800351338002700379500002800406504005100434504006000485650003800545970124OSt20260121100533.0850703s1985 mdua b 001 0 eng c a9789351524083 a970124 aLCcUNZAeRDA10aRT89bBAS 2014 aBasavanthappa, BT00aNursing administration /cBT Basavanthappa  aThird Edition aNew Delhi :bJAYPEE The Health Sciences Publishers,c2014. axxiv, ii92 pages :billustrations. atextbtxt2rdacontent aunmediatedbn2rdamedia avolumebnc2rdacarrier a"An Aspen publication." aIncludes bibliographical references and index. a"Nursing resources, books and periodicals": p. 524-528. 0aNursing servicesxAdministration.